Представление документа в формате MARC21

Поле Инд. ПП Название Значение
Тип записи a
Библиографический уровень b
001 Контрольный номер RU/IS/BASE/113406497
005 Дата корректировки 20200526192500.5
084 a Индекс другой классификации/Индекс ББК 63.3(2)-37; 86.21; 60.563.05; 86.372.24-12
100 1_ a Автор Кантор В. К.
245 10 a Заглавие Русское православие в имперском контексте: конфликты и противоречия
500 a Примечание Материалы конференции "Модели и константы культуры в русской истории и современности", проходившей в апреле 2002 г. в Католическом университете г. Айхштетт (Германия)
504 a Библиография Библиогр. ссылки. - Примеч.
650 04 a Основная рубрика история
a Основная рубрика православие
a Основная рубрика религиоведение
a Основная рубрика религия
a Основная рубрика русская православная церковь
a Основная рубрика социология
a Основная рубрика социология религии
a Основная рубрика христианство
653 0_ a Ключевые слова государственно-церковные отношения
a Ключевые слова государство
a Ключевые слова идеология общества
a Ключевые слова история религии
a Ключевые слова история церкви
a Ключевые слова Московское государство
a Ключевые слова национальная самоидентификация
a Ключевые слова Раскол
a Ключевые слова религиозность общества
a Ключевые слова Россия
a Ключевые слова философия религии
a Ключевые слова церковные реформы
773 18 t Заглавие источника Вопросы философии
d Дата издания источника 2003
g Прочая информация № 7. - С. 3 - 22
w Контрольный № источника RU/IS/BASE/112456805
901 t Тип документа b